Characterisation of foulants in a PVDF tubular cross flow ultrafiltration membrane by ATR/FTIR spectrometry (Record no. 55362)

MARC details
000 -LEADER
fixed length control field 00564nam a2200181Ia 4500
100 ## - MAIN ENTRY--AUTHOR NAME
Personal name Devaraj V
245 #0 - TITLE STATEMENT
Title Characterisation of foulants in a PVDF tubular cross flow ultrafiltration membrane by ATR/FTIR spectrometry
260 ## - PUBLICATION, DISTRIBUTION, ETC. (IMPRINT)
Name of publisher Journal of Rubber Research
Year of publication 2009
300 ## - PHYSICAL DESCRIPTION
Number of Pages 71-79
650 ## - SUBJECT ADDED ENTRY--TOPICAL TERM
Topical Term ATR-FTIR spectroscopy
650 ## - SUBJECT ADDED ENTRY--TOPICAL TERM
Topical Term Cross-flow ultrafiltration procss
650 ## - SUBJECT ADDED ENTRY--TOPICAL TERM
Topical Term Foulants
650 ## - SUBJECT ADDED ENTRY--TOPICAL TERM
Topical Term Skim natural rubber latex
700 ## - ADDED ENTRY--PERSONAL NAME
Personal name Fauzi I Ahmad
700 ## - ADDED ENTRY--PERSONAL NAME
Personal name Zairossani M N
942 ## - ADDED ENTRY ELEMENTS (KOHA)
Koha item type Journals
Holdings
Withdrawn status Lost status Damaged status Not for loan Home library Current library Shelving location Date acquired Serial Enumeration / chronology Koha item type
      Journals RRII Library RRII Library Rubber technology 17/07/2009 Volume 12, Issue 2 Journals